000 00463nam a2200193Ia 4500
008 240510s9999 xx 000 0 und d
020 _a9789553022233
041 _asih
082 _a491.48
082 _bK56
100 _aKOPARAHEWA,SANDAGOMI
245 0 _aWisi Wana Siyawase Sinhala Bhasha Wyawaharaya
260 _bColombo:S.Godage and Brothers
260 _c2013
300 _a430 p.
650 _aSinhala Language
942 _2ddc
942 _cLBK
999 _c29400
_d29400
945 _a1
_bMadushi Gamage
_c1
_dMadushi Gamage